[Event "Montigny le Bretonneux op 22nd"]
[Site "Montigny le Bretonneux"]
[Date "2023.12.27"]
[Round "2"]
[White "Guimbault, Axel"]
[Black "Almeida, Oscar Coelho"]
[Result "0-1"]
[WhiteElo "1510"]
[BlackElo "1617"]
[PlyCount "70"]
[EventDate "2023.12.27"]
[EventType "swiss"]
[EventRounds "7"]
[EventCountry "FRA"]
[SourceTitle "CB06_2024"]
[SourceDate "2024.02.07"]
[SourceVersion "1"]
[SourceVersionDate "2024.02.07"]
[SourceQuality "1"]

1. e4 c6 2. d4 d5 3. Nd2 dxe4 4. Nxe4 Bf5 5. Ng3 Bg6 6. Nf3 e6 7. Ne5 Bd6 8. Nxg6 hxg6 9. Ne4 Nf6 10. Nxd6+ Qxd6 11. h3 Nbd7 12. Be2 0-0 13. 0-0 Rad8 14. c3 Nb6 15. a4 Nbd5 16. Qc2 a6 17. b3 Ne7 18. Ba3 Qc7 19. a5 Rd7 20. Bc5 Re8 21. Rfe1 Qf4 22. Bf3 Nf5 23. Qc1 Qh4 24. Qc2 Kh7 25. Rad1 Rh8 26. Re5 Kg8 27. Qd2 g5 28. g3 Qxh3 29. Qxg5 Qh2+ 30. Kf1 Rh3 31. Bg2 Nxg3+ 32. fxg3 Rxg3 33. Qd2 Ng4 34. Re2 Rd5 35. Qc2 Rxg2 0-1